000 00701nam a2200229Ia 4500
001 891
003 GE_BSU
008 181216s||||||||xx |||||||||||||| ||und||
040 _cGE_BSU
080 _a621.391(075.8)
100 _aГоноровский, И.С.
245 _aРадиотехнические цепы и сигналы.
245 _bУчебник для студ. радиотехнических спец.вузов.
250 _aИзд.3-е. доп
260 _aМосква
260 _b,,Советское радио
260 _c1977
300 _a608 с.
541 _h20 л.
653 _aРадиотехнические цепы и сигналы.
942 _cBK
999 _c35051
_d35051